Construction Risk Management Portal (Record no. 120199)

MARC details
000 -LEADER
fixed length control field 00598cam a2200169 4500
001 - CONTROL NUMBER
control field WS120414
008 - FIXED-LENGTH DATA ELEMENTS--GENERAL INFORMATION
fixed length control field 021111n 000 0 eng u
035 ## - SYSTEM CONTROL NUMBER
System control number (Sirsi) u120414
245 ## - TITLE STATEMENT
Title Construction Risk Management Portal
520 ## - SUMMARY, ETC.
Summary, etc. American web site listing other web sites on construction risk management including directories of professionals.
650 ## - SUBJECT ADDED ENTRY--TOPICAL TERM
Topical term or geographic name entry element INTERNATIONAL
650 ## - SUBJECT ADDED ENTRY--TOPICAL TERM
Topical term or geographic name entry element UNITED STATES
650 ## - SUBJECT ADDED ENTRY--TOPICAL TERM
Topical term or geographic name entry element RISK MANAGEMENT
690 ## - LOCAL SUBJECT ADDED ENTRY--TOPICAL TERM (OCLC, RLIN)
Topical term or geographic name as entry element BUILT ENVIRONMENT
856 40 - ELECTRONIC LOCATION AND ACCESS
Uniform Resource Identifier <a href="https://www.constructionrisk.com">https://www.constructionrisk.com</a>
Public note View the website free of charge at www.constructionrisk.com...
942 ## - ADDED ENTRY ELEMENTS (KOHA)
Suppress in OPAC 0
Holdings
Withdrawn status Lost status Source of classification or shelving scheme Damaged status Not for loan Home library Current library Shelving location Date acquired Total Checkouts Full call number Barcode Date last seen Copy number Price effective from Koha item type
    Dewey Decimal Classification     Virtual Virtual Online 11/11/2002   WEB SITE 120414-2001 06/08/2019 1 06/08/2019 Online material